00790nam a2200229Ia 4500003000400000005001700004008004100021020001800062040000700080041000800087082002400095100004500119245006400164250000600228260005200234300001500286365001300301906006700314942001200381999001900393952014800412OSt20230511114403.0210423s2008 xx 000 0 und d a9788176710596 cAL aeng a574.1925223b PALT aPALMER (Trevor);BONNER (Philip).9102804 aEnzymes: biochemistry biotechnology and clinical chemistry. a2 aNew DelhibAffiliated East West Press Ltdc2008 axv,416bHB b495cINR abiochemistry ; biotechnology ; chemistry. ; clinical ; Enzymes 2ddccBK c164180d164180 001040708BIOCaSACPGbSACPGd2010-01-22eAthulya Booksg495.00l18o574.1925 PALTpPG010678r2025-04-09 12:09:27s2025-04-07w2021-04-26yBK